| 000 | 00717nam a22001697a 4500 | ||
|---|---|---|---|
| 999 |
_c14967 _d14967 |
||
| 008 | 200203b ||||| |||| 00| 0 eng d | ||
| 082 |
_22013 _aUT 1450 _bL37 |
||
| 100 |
_aLaurente, Patrick Jay L. _941556 |
||
| 245 |
_aThe Relationship Between Drug Education and Drug Prevention as Perceive the Barangay Officials in Kiblawan Davao Del Sur/ _cPatrick Jay L. Laurente, Dominick M. Lumantao & Arjesson E. Balaobao |
||
| 260 |
_aDigos City _bUMDC _cMarch 2013 |
||
| 300 |
_a48 pages _c30 cm |
||
| 650 |
_aCriminal Justice _vCriminology _xUndergraduate Thesis _936874 |
||
| 700 |
_aLaurente, Patrick Jay L. _941557 |
||
| 700 |
_aLumantao, Dominick M. _941558 |
||
| 700 |
_aBalaobao, Arjesson E. _941559 |
||
| 942 |
_2ddc _cUT |
||